Tales for the young (Record no. 37470)

MARC details
000 -LEADER
fixed length control field 00260nam a2200109Ia 4500
082 ## - DEWEY DECIMAL CLASSIFICATION NUMBER
Classification number 82-3
Item number NAR
100 ## - MAIN ENTRY--AUTHOR NAME
Personal name Narayana, T R A
245 #0 - TITLE STATEMENT
Title Tales for the young
260 ## - PUBLICATION, DISTRIBUTION, ETC. (IMPRINT)
Place of publication Bombay
Name of publisher Subhash
Year of publication 19080
942 ## - ADDED ENTRY ELEMENTS (KOHA)
Koha item type Books
Holdings
Withdrawn status Lost status Damaged status Not for loan Home library Current library Date acquired Full call number Accession Number Koha item type
        RRII Library RRII Library 16/12/2021 82-3 NAR 17853 Books